000 00945nam a2200289Ia 4500
003 OSt
005 20220924124503.0
006 a|||||r|||| 00| 0
007 ta
008 220923b |||||||| |||| 00| 0 san d
020 _a818611145X (hbk)
020 _c330
024 _a233632
037 _b1734, 25/03/2008, Vidyanidhi Prakashan
_cTextual
040 _aARTS
_cARTS
_bsan
041 _2san
_asan
082 _aP15,CxK20,1,4, P7-;1
100 _aNamputiri Kilimangalam Narayana
_911325
245 0 _aPrakriya servaswavivriti
260 _aNew Delhi
_b Rashjtriya Sanskrit Sansthan India
_c2007
300 _a146p.
_ccm.
490 _aSanskrit varsha smiriti granthmala; 10
650 _aLINGUISTICS
700 _a Andrews M K Ed.
_911326
942 _hP15,CxK20,1,4, P7-;1
_cTEXL
_2CC
999 _c419758
_d419758